|
|
|
|
| LEADER |
00992nam a2200253 a 4500 |
| 001 |
11986484 |
| 008 |
100905s2001 enka b 001 0 eng d |
| 010 |
|
|
|a 00031267
|
| 020 |
|
|
|a 9780521795357
|
| 020 |
|
|
|a 0521791553
|
| 040 |
|
|
|a DLC
|c DLC
|d DLC
|d DB-DhAAL
|
| 082 |
0 |
0 |
|a 417/.7
|2 21
|
| 100 |
1 |
|
|a Aitchison, Jean,
|d 1938-
|
| 245 |
1 |
0 |
|a Language change :
|b progress or decay? /
|c Jean Aitchison.
|
| 250 |
|
|
|a 3rd ed.
|
| 260 |
|
|
|a Cambridge [England] ;
|a New York :
|b Cambridge University Press,
|c c2001.[printing 2008]
|
| 300 |
|
|
|a xi, 312 p. :
|b ill. ;
|c 21 cm.
|
| 490 |
0 |
|
|a Cambridge approaches to linguistics
|
| 504 |
|
|
|a Includes bibliographical references (p. 281-303) and index.
|
| 541 |
1 |
|
|e 00020887
|
| 650 |
|
0 |
|a Linguistic change.
|
| 852 |
4 |
|
|a Ayesha Abed Library
|j General Shelf.
|
| 999 |
|
|
|c 9467
|d 9467
|
| 952 |
|
|
|0 0
|1 0
|2 ddc
|4 0
|6 417_700000000000000_AIT_2008
|7 0
|9 11842
|a BRACUL
|b BRACUL
|c GEN
|d 2010-09-15
|l 4
|m 16
|o 417.7 AIT
|p 3010020887
|q 2026-05-20
|r 2026-03-28
|s 2026-03-28
|t 1
|w 2010-09-15
|y BK
|